Schnelle Mathematik - Addition Level 19 - Statistiken

Allgemein
  • Dieses Quiz wurde 105 mal gespielt
  • Das Durchschnittsergebnis liegt bei 26 aus 60
Antwortstatistiken
Frage Antwort % Korrekt
55+6 61
72%
81+0 81
69%
6+5 11
64%
10+4 14
64%
81+7 88
64%
10+8 18
63%
50+4 54
60%
62+0 62
60%
10+1 11
59%
13+7 20
59%
32+5 37
59%
40+2 42
59%
10+1 11
57%
16+2 18
57%
32+2 34
57%
74+3 77
57%
10+3 13
56%
9+7 16
56%
10+9 19
56%
18+7 25
56%
27+6 33
56%
38+3 41
56%
54+4 58
55%
18+6 24
54%
7+8 15
53%
67+5 72
53%
75+1 76
53%
95+3 98
53%
4+10 14
50%
14+5 19
50%
21+5 26
50%
21+10 31
50%
32+3 35
50%
35+9 44
50%
7+0 7
50%
79+0 79
50%
86+8 94
50%
4+6 10
47%
10+0 10
47%
99+1 100
47%
10+3 13
47%
28+1 29
47%
63+8 71
47%
83+2 85
47%
91+3 94
47%
94+0 94
47%
5+10 15
46%
49+5 54
45%
92+8 100
44%
10+7 17
44%
61+9 70
44%
68+10 78
44%
93+5 98
44%
24+9 33
43%
66+6 72
43%
95+7 102
42%
29+3 32
42%
37+9 46
42%
91+1 92
42%
90+5 95
42%
97+2 99
42%
25+8 33
41%
26+10 36
41%
52+9 61
41%
66+3 69
41%
87+4 91
41%
23+0 23
40%
22+6 28
40%
30+0 30
40%
42+1 43
40%
33+10 43
40%
41+8 49
40%
48+4 52
40%
50+10 60
40%
76+0 76
40%
73+6 79
40%
89+8 97
40%
58+2 60
39%
93+9 102
38%
10+2 12
38%
19+4 23
38%
69+9 78
38%
72+7 79
38%
87+7 94
38%
89+6 95
38%
45+5 50
36%
46+4 50
36%
87+1 88
36%
89+2 91
36%
10+5 15
35%
13+4 17
35%
45+4 49
35%
59+10 69
35%
20+6 26
33%
34+2 36
33%
31+6 37
33%
71+2 73
33%
66+9 75
33%
88+0 88
33%
84+8 92
33%
10+6 16
32%
43+3 46
31%
50+8 58
31%
60+7 67
31%
94+1 95
31%
45+2 47
30%
97+3 100
29%
2+10 12
29%
8+9 17
29%
26+7 33
29%
83+1 84
29%
31+4 35
28%
28+5 33
27%
47+10 57
27%
86+1 87
24%
82+4 86
23%
95+0 95
23%
10+10 20
22%
30+9 39
21%
54+7 61
20%
78+8 86
18%
Keine übereinstimmenden Quizze gefunden
Verteilung der Resultate
Anzahl Personen mit jedem Resultat
Perzentil nach korrekt beantworteten Fragen
Ihre Resultats-Entwicklung
Sie haben dieses Quiz noch nicht gespielt